000 01283 a2200217 4500
001 13121
005 20260407155441.0
008 260407a1993 arg spa d
003 AR-UNSa-BCEJYS
040 _aAR-UNSa-BCEJYS
_bspa
_cAR-UNSa-BCEJYS
080 _a330.4
_xEconomía matemática
245 1 0 _aAnalytical methods in economics
020 _a978-0-472-10162-7
264 1 _aMichigan :
_bThe University of Michigan Press
_c1993
300 _axix, 672 p.
_c23 cm.
505 _a1. Some basic matthematics - 2. Nonlinear progamming - 3. Sensitivity analysis and elements of microeconomics - 4. Other topics in microeconomic theory - 5. Economics of uncertainty - 6. Elements of differential equations and economic applications - 7. Linear differential equations on the plane and elements of nonlinear systems - 8. Macroequilibrium and Neoclassical Growth models - 9. Elements of optimal control theory and applications - 10. Infinite horizon optimization control problem and applications - 11. Extensions of optimal control themes
942 _cBK
590 _aniveau_biblio:m niveau_hierar:0
100 1 _aTakayama, Akira
856 4 1 _uhttps://biblioeco.unsa.edu.ar/pmb/images/libros/Analytical methods in economics Takayama, Akira (1993) .jpg
_yImagen de portada
_qimage/jpeg
999 _c507
_d507